000 00495nam a2200169 i 4500
001 14545
003 ES-MaACL
005 20230906150834.0
007 t|
008 990422s1998 sp ||||1| spa d
080 _a821.134.2-14"19"
100 1 _aJiménez Planas, Saturnino.
_966591
245 1 0 _aObra poética /
_cSaturnino Jiménez Planas.
260 _aSevilla :
_b[El autor ?],
_c1998.
300 _a139 p. ;
_c21 cm.
852 _aES-MaACL
_jL-21735
_bR.127032
_q. - Ded. autógr. del autor
999 _c14545
_d14545